| 000 | 00557nam a2200193Ia 4500 | ||
|---|---|---|---|
| 003 | GCL | ||
| 008 | 140319s9999 xx 000 0 eng d | ||
| 040 |
_aGCL / _cGCL |
||
| 082 | 0 | 4 |
_a462 _bB H |
| 100 | 1 | _aBLASCO, JOAQUIN | |
| 245 | 1 | 0 |
_aHARRAP'S SPANISH POCKET DICTIONARY: SPANISH - ENGLISH - INGLES ESPANOL / _cBLASCO, JOAQUIN |
| 700 | 1 | _aDONNELL, HUGH O | |
| 260 |
_a[S.N] : _bHARRAP ، _c1992 |
||
| 300 | _a331 P | ||
| 650 | 0 | 4 | _aSPANISH LANGUAGE - DICTIONARY |
| 650 | 0 | 4 | _aLANGUAGES |
| 650 | 0 | 4 | _aENGLISH LANGUAGE - DICTIONARIES |
| 942 |
_2ddc _cBK |
||
| 999 |
_c13397 _d13397 |
||